| 000 | 00555nam a22001817a 4500 | ||
|---|---|---|---|
| 003 | CEME | ||
| 005 | 20210628202047.0 | ||
| 008 | 210224b xxu||||| |||| 00| 0 eng d | ||
| 020 | _a0-534-53364-7 | ||
| 040 | _c. | ||
| 082 | _a302.23 JAM | ||
| 100 |
_aCampbell, Karlyn Kohrs Jamieson, Kathleen Hall _958110 |
||
| 245 | _aCampbell, Karlyn Kohrs Jamieson, Kathleen Hall | ||
| 260 |
_aUSA _bWADSWORTH _c2001 |
||
| 300 | _aXX,360P | ||
| 650 |
_aMASS MEDIA-INFLUENCE MASS MEDIA AUDIENCES ADVERTISING MASS MEDIA-POLITICAL ASPECTS _958111 |
||
| 942 |
_cBK _2ddc |
||
| 999 |
_c568324 _d568324 |
||